000 00914nam a22003017a 4500
001 4666
003 FISKH
005 20240919120335.0
008 240919b cb ||||| |||| 00| 0 eng d
020 _a9780440467311
040 _aFISKH
_beng
_cFISKH
_dFISKH
050 _aPZ7.B6265
082 _2813.54
100 _aBlume, Judy
_d1938-
245 _aThe one in the middle is the green kangaroo /
_cJudy Blume Illustrated by Amy Aitken
250 _aPublished in 1986
260 _aNew York :
_bYearling,
_c1986.
300 _a39 pages :
_billustrations ;
_c20cm
505 _aI
520 _aFreddy hates being the middle one in the family until he gets a part in the school play.
521 8 _a500L
_bLexile
521 8 _aI
_bRaz-Plus
650 _2Realistic fiction
_aSchool
650 _2School play
_aSiblings
700 _aAitken, Amy
_dIllustrator
942 _2ddc
_cBK
_n0
999 _c4666
_d4666